000 00591nam a2200217Ia 4500
003 OSt
005 20230623115547.0
008 210423s2016 xx 000 0 und d
020 _a978-1-107-60528-2
040 _cAL
041 _aeng
082 _a537.6225 DATE
100 _aDATTA (Supriyo)
_9115679
245 _aElectronic transport in mesoscopic systems
260 _aDelhi
_bCambridge University Press
_c2016
300 _axv,377
_bPB
365 _b795
_cINR
650 _aElectrodynamics
_9115680
906 _aElectronic ; mesoscopic ; systems ; transport
942 _2ddc
_cBK
999 _c168285
_d168285